00457nam a2200157 4500003001100000005001700011008004100028020001600069040003900085041000800124082001300132100001700145245006600162260005100228650002000279LK-CoMWRAF20230905145107.0230905b1976 |||||||| |||| 00| 0 eng d a 0822952734 aLK-CoMWRAFdLK-CoMWRAFeLK-CoMWRAF aeng a823bBEL aBell, Thomas aOut of this furnace :b A Novel of immigrant labor in America aLondon :bUniversity of Pittsburg Press,c1976 aEnglish Fiction